Statystyki dla Czterokrotne szybkie wpisywanie od A do Z

Kliknij tutaj aby rozwiązać quiz!

Ogólne statystyki

  • Ten quiz został rozwiązany 1 976 razy
  • Średni wynik to 17 z 104

Statystyki odpowiedzi

litera% Poprawnych
a
99%
b
94%
c
92%
d
91%
e
90%
f
88%
g
87%
h
85%
i
83%
j
82%
k
81%
l
80%
m
74%
n
73%
o
69%
p
66%
q
35%
r
33%
s
31%
t
30%
u
26%
v
19%
w
16%
x
13%
y
12%
z
11%
A
10%
B
10%
C
9%
D
8%
E
8%
F
7%
G
6%
H
6%
I
6%
J
5%
K
5%
L
5%
M
5%
N
5%
O
5%
P
4%
Q
4%
R
3%
S
3%
T
3%
U
3%
V
3%
A
2%
B
2%
C
2%
W
2%
X
2%
Y
2%
Z
2%
A
1%
B
1%
D
1%
E
1%
F
1%
G
1%
H
1%
I
1%
J
1%
K
1%
L
1%
M
1%
N
1%
O
1%
Z
1%
C
0%
D
0%
E
0%
F
0%
G
0%
H
0%
I
0%
J
0%
K
0%
L
0%
M
0%
N
0%
O
0%
P
0%
P
0%
Q
0%
Q
0%
R
0%
R
0%
S
0%
S
0%
T
0%
T
0%
U
0%
U
0%
V
0%
V
0%
W
0%
W
0%
X
0%
X
0%
Y
0%
Y
0%
Z
0%

Rozkład punktacji

Percentyl według liczby udzielonych odpowiedzi

Procent ludzi z każdym wynikiem

Twoja historia wyników

Nie rozwiązałeś tego quizu